El faro del fin del mundo / (Record no. 167251)
[ view plain ]
| 000 -LEADER | |
|---|---|
| campo de control de longitud fija | 01055nam a22002655i 4500 |
| 001 - NÚMERO DE CONTROL | |
| campo de control | 167251 |
| 003 - IDENTIFICADOR DE NÚMERO DE CONTROL | |
| campo de control | ES-MaACL |
| 005 - FECHA Y HORA DE LA ÚLTIMA TRANSACCIÓN | |
| campo de control | 20250818063105.0 |
| 008 - DATOS DE LONGITUD FIJA--INFORMACIÓN GENERAL | |
| campo de control de longitud fija | 050927q18751920sp a | |||||||| ||spa d |
| 040 ## - FUENTE DE CATALOGACIÓN | |
| Centro catalogador/agencia de origen | CAM |
| Lengua de catalogación | spa |
| Centro/agencia transcriptor | CAM |
| 100 1# - ENTRADA PRINCIPAL--NOMBRE DE PERSONA | |
| Nombre de persona | Verne, Jules, |
| Fechas asociadas al nombre | 1828-1905 |
| 9 (RLIN) | 188654 |
| 245 13 - MENCIÓN DEL TÍTULO | |
| Título | El faro del fin del mundo / |
| Mención de responsabilidad, etc. | obra escrita en francés [por] Julio Verne. |
| 250 ## - MENCION DE EDICION | |
| Mención de edición | Ed. il. con grabados. |
| 260 ## - PUBLICACIÓN, DISTRIBUCIÓN, ETC. | |
| Lugar de publicación, distribución, etc. | Madrid : |
| Nombre del editor, distribuidor, etc. | Sáenz de Jubera, Hermanos, |
| Fecha de publicación, distribución, etc. | [s.a.] ( |
| Fabricante | Establecimiento tipográfico "Sucesores de Rivadeneyra") |
| 300 ## - DESCRIPCIÓN FÍSICA | |
| Extensión | 2 v. (55 ; 53 p.) : |
| Otras características físicas | il. ; |
| Dimensiones | 27 cm. |
| 490 1# - MENCIÓN DE SERIE | |
| Mención de serie | Obras de Julio Verne |
| 490 1# - MENCIÓN DE SERIE | |
| Mención de serie | Viajes extraordinarios |
| 596 ## - NOTA AL PIE DE IMPRENTA | |
| NOTA AL PIE DE IMPRENTA | Sáenz de Jubera, Hermanos ejerce ca. 1875-1920. |
| 597 ## - NOTA DE DESCRIPCIÓN FÍSICA | |
| NOTA DE DESCRIPCIÓN FÍSICA | Texto a dos col. |
| 710 2# - ENTRADA AGREGADA--NOMBRE DE ENTIDAD CORPORATIVA | |
| Nombre de entidad corporativa o nombre de jurisdicción como elemento de entrada | Sáenz de Jubera Hermanos |
| Término indicativo de función/relación | |
| 9 (RLIN) | 134965 |
| 830 00 - PUNTO DE ACCESO ADICIONAL DE SERIE-TÍTULO UNIFORME | |
| Título uniforme | Obras completas de Julio Verne ilustradas con grabados |
| 9 (RLIN) | 222615 |
| 830 0# - PUNTO DE ACCESO ADICIONAL DE SERIE-TÍTULO UNIFORME | |
| Título uniforme | Viajes extraordinarios |
| 9 (RLIN) | 188649 |
| 852 ## - LOCALIZACIÓN | |
| Ubicación | ES-MaACL |
| Número de control de estantería | B-12399(8-9) |
| Nota libre | -- Enc. ed. en tela roja con planchas polícromas |
| Estatus retirado | Estado de pérdida | Estado de daño | No para préstamo | Biblioteca de origen | Biblioteca actual | Ubicación en estantería | Fecha de adquisición | Fuente de adquisición | Total de préstamos | Signatura topográfica completa | Código de barras | Visto por última vez | Precio de reemplazo | Tipo de ítem Koha |
|---|---|---|---|---|---|---|---|---|---|---|---|---|---|---|
| Biblioteca del Ateneo de Madrid | Biblioteca del Ateneo de Madrid | Sala Pardo Bazán | 17/01/2008 | B-12399(8-9) | 1175450 | 23/02/2023 | 23/02/2023 | Libro impreso |
